| 000 | 01061nam a2200277 a 4500 | ||
|---|---|---|---|
| 001 | 77000 | ||
| 003 | BD-RjUL | ||
| 005 | 20211209082920.0 | ||
| 008 | 200212r19911993enka b 001 0 eng c | ||
| 020 | _a0500276285 | ||
| 035 | _a(BD-RjUL)77224 | ||
| 040 |
_aDLC/MH _cMH _dDLC _dBD-RjUL _beng |
||
| 041 | _aeng | ||
| 082 |
_223 _a294.3 _bWOR 1993 |
||
| 245 | 0 | 4 |
_aThe world of Buddhism : _bBuddhist monks and nuns in society and culture : with 297 illustrations, 82 in colour, 215 photographs, drawings and maps / _ctexts by Richard Gombrich ... [et al.] ; edited by Heinz Bechert and Richard Gombrich. |
| 250 | _a1st pbk. ed. | ||
| 260 |
_aLondon : _bThames and Hudson, _c1991 [Reprinted 1993] |
||
| 300 |
_a308 p. : _bill. ; _c30 cm. |
||
| 504 | _aIncludes bibliographical references (p. 293-[296]) and index. | ||
| 650 | 0 |
_aBuddhism. _9239290 |
|
| 700 | 1 |
_aGombrich, Richard ... [et al.] _9239293 |
|
| 700 | 1 |
_aBechert, Heinz, _d1932-2005. , ed. _9239292 |
|
| 700 | 1 |
_aGombrich, Richard, jt. ed. _9239294 |
|
| 942 |
_2ddc _cBK |
||
| 999 |
_c77000 _d77000 |
||